Paesi per consumo energetico, pro capite - Statistics

Statistiche generali
  • Questo quiz è stato fatto 29 volte
  • Il punteggio medio è 5 su 10
Statistiche sulle risposte
Consumo pro capite (kWh) Paese % Corretto
113,730 Canada
86%
232,211 Qatar
69%
106,284 Kuwait
66%
148,233 Emirati Arabi Uniti
62%
100,091 Norvegia
59%
189,063 Islanda
52%
142,448 Bahrein
48%
113,519 Brunei
34%
189,973 Singapore
34%
183,652 Trinidad e Tobago
14%
Nessun quiz corrispondente trovato
Distribuzione punteggi
Percentuale di utenti per punteggio
Percentile per numero di risposta
I tuoi punteggi nel tempo
Non hai fatto questo quiz